[Event "Malmo"]
[Site "Malmo"]
[Date "1993.??.??"]
[Round "3"]
[White "Romanishin, Oleg M"]
[Black "Rozentalis, Eduardas"]
[Result "1-0"]
[WhiteElo "2590"]
[BlackElo "2595"]
[Annotator "Dautov,R"]
[PlyCount "53"]
[EventDate "1993.06.??"]
[EventType "tourn"]
[EventRounds "9"]
[EventCountry "SWE"]
[EventCategory "11"]
[SourceTitle "CBM 036"]
[Source "ChessBase"]
[SourceDate "1993.10.01"]
[SourceVersion "1"]
[SourceVersionDate "1993.10.01"]
[SourceQuality "1"]

1. d4 Nf6 2. Nf3 e6 3. g3 b6 4. Bg2 Bb7 5. c4 Be7 6. Nc3 Ne4 7. Bd2 f5 8. d5
Bf6 9. Qc2 Qe7 10. O-O (10. Rd1 Na6 11. O-O Nd6 (11... Nb4 12. Qb3 a5 13. Nb5
$16) 12. dxe6 dxe6 13. Qa4+ Kf7 14. Be3 Nc5 15. Bxc5 bxc5 16. Ng5+ Bxg5 17.
Bxb7 Rab8 18. Bc6 Rxb2 19. Qxa7 Bf6 20. Nb5 Rxe2 21. Qxc5 Rd8 22. Bf3 Rxa2 23.
Nxc7 Rc8 $10 {Petursson-Rozentalis/Malmo/1993}) 10... Na6 (10... Bxc3 $5 11.
Bxc3 exd5 12. cxd5 (12. Nd4 O-O $13) 12... Bxd5 13. Be5 d6 14. Bf4 O-O 15. Rad1
Bb7 16. Nd4 g6 17. f3 Nf6 18. Rfe1 Nh5 19. Bh6 Rf7 20. e4 $44 {Hulak-Naumkin/
Palma-GMA/1989}) 11. Rad1 O-O $6 (11... Nxd2 12. Nxd2 $14) (11... Nd6 $142 $1)
12. Nxe4 fxe4 13. Qxe4 Rae8 (13... Bxb2 $2 14. Ng5 g6 15. d6 Qxd6 16. Qxb7 Nc5
17. Qxa8 Rxa8 18. Bxa8 $16) (13... Nc5 {>=} 14. Qb1 $1 (14. Qc2 exd5 15. cxd5
Qxe2 16. b4 Qe4 17. Rc1 Qxc2 18. Rxc2 Nd3 19. Rxc7 Bxd5 20. Rxd7 Rfd8 $14)
14... exd5 15. cxd5 Qxe2 16. Ng5 Bxg5 (16... g6 17. b4 $16 (17. Rfe1 $2 Qxf2+
18. Kxf2 $2 Bd4+ 19. Ke2 Ba6+ $19)) 17. Bxg5 a5 (17... Rae8 18. b4 $16) 18. Bf4
d6 19. Rfe1 $14) 14. Be3 $1 $16 exd5 (14... Nc5 15. Qb1 $16) (14... Qb4 15. b3
(15. Ng5 Bxg5 16. Bxg5 Qxb2 $13) 15... exd5 16. Qb1 dxc4 (16... c6 17. cxd5
cxd5 18. Ne1 $16) 17. Ng5 Bxg5 18. Bxb7 Bxe3 19. Bxa6 Bg5 20. Bxc4+ Kh8 21.
Rxd7 $16) 15. Qxe7 Rxe7 16. Nd4 Bxd4 (16... c5 17. Nf5 Re5 18. Nd6 Ba8 19. cxd5
Nc7 20. Nc4 $16) 17. Rxd4 Nb4 18. Rd2 $1 Rf5 (18... Nxa2 19. Ra1 Nb4 20. Rxa7
$18) 19. g4 Rfe5 20. a3 Na6 21. cxd5 d6 22. b4 $18 Bc8 23. Bf3 Rf7 24. Rc1 Bd7
25. Kg2 Bb5 26. Kg3 Re8 27. Rc3 1-0

[Event "Nikolaev zt"]
[Site "Nikolaev"]
[Date "1993.??.??"]
[Round "?"]
[White "Savchenko, Stanislav"]
[Black "Timoshenko, Georgy"]
[Result "1-0"]
[WhiteElo "2535"]
[BlackElo "2515"]
[Annotator "Dautov,R"]
[PlyCount "85"]
[EventDate "1993.03.??"]
[EventType "swiss"]
[EventRounds "11"]
[EventCountry "RUS"]
[SourceTitle "CBM 035"]
[Source "ChessBase"]
[SourceDate "1993.08.01"]
[SourceVersion "1"]
[SourceVersionDate "1993.08.01"]
[SourceQuality "1"]

1. d4 Nf6 2. c4 e6 3. Nf3 b6 4. g3 Bb7 5. Bg2 Be7 6. Nc3 Ne4 7. Bd2 Bf6 8. O-O
O-O 9. Rc1 c5 10. d5 exd5 11. cxd5 Nxd2 12. Nxd2 d6 13. Nde4 Be7 14. f4 Bc8 (
14... Nd7 15. g4 a6 16. a4 $14) 15. Kh1 $5 {N} (15. e3 Nd7 16. g4 Nf6 17. g5 (
17. Nf2 $5) 17... Nxe4 18. Nxe4 f6 19. h4 g6 20. Ng3 Bd7 21. Qd3 a6 22. Rf2
fxg5 23. hxg5 Bxg5 24. fxg5 Rxf2 25. Kxf2 Qxg5 26. Ne4 Qh4+ 27. Kg1 Bf5 28. Rf1
Re8 29. Rf4 Qe1+ 30. Kh2 Re5 31. Qc3 $14 {Shneider-Karpman/URS/1988}) 15... Re8
16. Bf3 a6 (16... f5 $6 17. Nf2 Bf6 18. e4 (18. g4 $5 $36) 18... Bd4 19. Qd2
fxe4 20. Nfxe4 Ba6 21. Rfe1 $16 {><e6}) (16... Na6 $5 17. g4 Nc7 18. g5 b5 19.
Ng3 b4 (19... Bb7 20. e4 b4 21. Nce2 Bf8 $14) 20. Nce4 Bb7 21. Nf2 Bf8 22. Ng4
$36) 17. a4 Bf8 (17... Nd7 18. g4 Nf6 19. Nf2 $1 (19. g5 Nxe4 20. Nxe4 b5 21.
axb5 axb5 22. Bg2 Bf8 23. f5 Re5 $132) 19... h6 20. h4 $40 {/\g5}) (17... Ra7
18. g4 Rb7 19. g5 b5 20. axb5 axb5 21. Ng3 b4 22. Nce4 Bf8 23. Nh5 Nd7 24. Qe1
$40) 18. g4 h6 $6 (18... Nd7 {>=} 19. g5 Rb8 20. Ng3 b5 21. axb5 axb5 $14) 19.
Rg1 Qh4 (19... Nd7 20. g5 hxg5 21. Rxg5 Nf6 22. Qg1 $1 $16 {/\Qg3,Rg1}) 20. Qd2
$16 f5 (20... Nd7 21. g5 hxg5 22. Rxg5 $16) 21. gxf5 Bxf5 22. Ng3 Bg4 (22...
Bh7 23. Be4 Bxe4+ 24. Ncxe4 {/\Nf5} Qg4 $2 25. Nh5 $1 $18) (22... Bc8 23. Be4
$16) 23. Be4 Nd7 24. Bg6 Nf6 $5 (24... Re7 25. Nf5 Bxf5 26. Bxf5 Nf6 27. Rg6
Rae8 28. Rcg1 $16) 25. Bxe8 Rxe8 {/\Qh3,h5-h4} 26. Rcf1 Qh3 (26... Bh3 27. Rf3
Bg4 28. Re3 $18) 27. f5 $1 b5 (27... h5 28. Rf4 h4 29. Nge4 Nxe4 30. Nxe4 $18)
28. axb5 axb5 29. Rf4 $1 (29. Nxb5 $6 h5 $132) 29... Re5 30. Nce4 $1 $18 h5 $6
(30... Nxe4 31. Nxe4 Bxf5 32. Nf6+ Kf7 33. Rg3 $18) (30... Nxd5 31. Nf2 $18)
31. Nxf6+ gxf6 32. Nxh5 Qxh5 33. Rfxg4+ Kf7 34. e4 Qh3 35. Qe2 c4 36. R1g3 Qh6
37. Kg2 Qc1 38. Rg8 Ke7 39. Qh5 Qd2+ 40. Kh3 Qh6 41. Qxh6 Bxh6 42. Rh8 Bg5 43.
Ra3 1-0

[Event "Politiken Cup 18th"]
[Site "Copenhagen"]
[Date "1996.??.??"]
[Round "8"]
[White "Tukmakov, Vladimir B"]
[Black "Nielsen, Peter Heine"]
[Result "1/2-1/2"]
[WhiteElo "2595"]
[BlackElo "2495"]
[Annotator "Dautov,R"]
[PlyCount "64"]
[EventDate "1996.06.??"]
[EventType "swiss"]
[EventRounds "11"]
[EventCountry "DEN"]
[SourceTitle "CBM 054"]
[Source "ChessBase"]
[SourceDate "1996.10.01"]
[SourceVersion "1"]
[SourceVersionDate "1996.10.01"]
[SourceQuality "1"]

1. d4 Nf6 2. Nf3 e6 3. g3 b6 4. Bg2 Bb7 5. c4 Be7 6. Nc3 Ne4 7. Bd2 Bf6 8. Qc2
Nxd2 9. Qxd2 O-O 10. O-O d6 11. e4 Nd7 12. Rad1 g6 13. h4 (13. Rfe1 e5 $5 14.
Nd5 Bg7 15. b3 Re8 16. dxe5 Nxe5 17. Nd4 a6 18. Nc2 b5 19. Nce3 bxc4 20. bxc4
Rb8 $10 {Pinter-Gruenfeld /Ch Europe (team) Haifa 1989}) 13... Bg7 14. h5 Qe7
15. Rfe1 Rfd8 (15... Rad8 16. hxg6 (16. Bh3 a6 17. d5 Ne5 18. Nxe5 Bxe5 19. Ne2
Bc8 20. hxg6 hxg6 21. Nc1 Bg7 22. Nd3 exd5 23. exd5 Qf6 $10 {Christiansen,
L-Khalifman,A/BL 9091}) 16... hxg6 17. b3 a6 18. d5 e5 $6 (18... Ne5 $142) 19.
Bh3 Rfe8 20. Kg2 Qf8 {Vadasz,L-Tukmakov,V/Erevan 1980} 21. Qc2 $14) (15... c5
$5 16. d5 Ne5 $10) (15... gxh5 16. Nh4 $14) 16. hxg6 hxg6 17. Bh3 c5 18. d5 (
18. dxc5 $6 dxc5 $15 {/\Ne5}) 18... Ne5 19. Nxe5 Bxe5 20. Ne2 (20. dxe6 fxe6
21. Qh6 (21. Ne2 $2 Bxe4 22. Nf4 Bf5 $17) 21... Qf7 $15) (20. Kh2 Kg7 21. f4
Bd4 22. Nb5 e5 23. Nxd4 cxd4 24. fxe5 dxe5 $13) (20. Kg2 $5) 20... exd5 21.
exd5 (21. cxd5 $6 Kg7 22. f4 Bf6 $15) 21... Qf6 $10 22. Nc3 (22. b3 Qf3 23. Bg2
Qg4 $10) 22... Bxc3 23. bxc3 Kg7 24. Re4 Rh8 25. Rf4 Qd8 (25... Qe5 $2 26. Re1
Qh5 (26... Qg5 27. Rxf7+ $18) 27. Re7 $18) 26. Bg2 (26. Kg2 $2 Bc8 27. Bxc8
Qxc8 $15) 26... Qd7 27. Re1 Rae8 28. Rxe8 Rxe8 (28... Qxe8 29. Re4 Qd7 30. Qg5
Re8 31. Rh4 Rh8 $10) 29. Rh4 Rh8 30. Re4 {/\Qg5} Re8 31. Rh4 Rh8 32. Re4 Re8
1/2-1/2

[Event "Moscow Alekhine op"]
[Site "Moscow"]
[Date "1992.??.??"]
[Round "?"]
[White "Shneider, Aleksandr"]
[Black "Tiviakov, Sergei"]
[Result "0-1"]
[WhiteElo "2545"]
[BlackElo "2585"]
[Annotator "Dautov,R"]
[PlyCount "68"]
[EventDate "1992.10.??"]
[EventType "swiss"]
[EventRounds "9"]
[EventCountry "RUS"]
[SourceTitle "CBM 033"]
[Source "ChessBase"]
[SourceDate "1993.04.01"]
[SourceVersion "1"]
[SourceVersionDate "1993.04.01"]
[SourceQuality "1"]

1. d4 Nf6 2. c4 e6 3. Nf3 b6 4. g3 Bb7 5. Bg2 Be7 6. O-O O-O 7. Nc3 Na6 8. Bg5
(8. Bf4 d6 9. d5 c5 10. e4 Nc7 11. a4 a6 12. Qc2 b5 13. b3 Re8 14. Rad1 exd5
15. exd5 Bc8 16. Rfe1 Rb8 17. Ng5 $14 {Tisdall,J-Tiviakov,S Gausdal Arnold Cup
1992}) (8. Ne5 $5 Bxg2 (8... d5 9. cxd5 $14) 9. Kxg2 Qc8 10. e4 $5 Bb4 11. f3
Bxc3 12. bxc3 $14) 8... c5 9. d5 exd5 (9... Nxd5 10. cxd5 Bxg5 11. Nxg5 Qxg5
12. dxe6 Bxg2 13. exf7+ Rxf7 14. Kxg2 $16 Nc7 15. e4) 10. cxd5 d6 11. Nh4 $1 (
11. Nd2 $5 Nc7 (11... h6 12. Bf4 g5 13. Be3 Ng4 14. Nc4 Nxe3 15. Nxe3 $14) 12.
Nc4 $14) 11... Qd7 {/\Nd5} 12. Qd2 b5 13. e4 b4 14. Nd1 Bd8 $5 15. f4 (15. Nf5
$1 Re8 (15... Nxd5 $2 16. Bh3 $16) 16. f3 $36) 15... h6 16. Bxh6 $5 (16. Bxf6
Bxf6 17. Ne3 (17. Nf5 c4 $13) 17... Bxh4 18. gxh4 {/\Kh1,Rg1|^}) 16... gxh6 17.
Nf5 Re8 (17... Kh7 18. Nde3 {/\e5} Re8 19. Qd3 $44) 18. Nf2 (18. Nxh6+ Kh7 $17)
18... Bxd5 $1 (18... Nxd5 $2 19. Bh3 $16) 19. Nxh6+ (19. Bh3 $5 Be6 20. Nxh6+
Kh7 21. f5 (21. Nf5 d5 $17) 21... Bc4 22. Rfe1 $44) 19... Kh7 20. exd5 Kxh6 21.
f5+ Kh7 22. g4 Ng8 $1 23. f6 $6 (23. g5 f6 (23... Qxf5 24. Ne4 Qg6 25. Bh3 Qh5
26. Qg2 $44) 24. h4 Qxf5 25. Ne4 Qg6 26. Nxd6 $44) 23... Bxf6 24. Ne4 $6 (24.
Qd3+ Kg7 25. Qxa6 Bd4 26. Kh1 Nf6 27. g5 Nh5 $15) 24... Bd4+ 25. Kh1 Kg7 $17
26. g5 (26. Qg5+ Kf8 27. Rxf7+ Qxf7 28. Rf1 Nf6 29. Nxf6 Bxf6 $19) 26... Re5
27. Qd3 (27. Nf6 Qe7 $17) 27... Qg4 $1 28. Nf6 Nxf6 29. gxf6+ Kh8 $19 30. Rf3
Rg8 31. Rg3 Qxg3 32. hxg3 Rh5+ 33. Bh3 Rxh3+ 34. Kg2 Rgxg3+ 0-1

[Event "Podolsk"]
[Site "Podolsk"]
[Date "1992.??.??"]
[Round "?"]
[White "Vyzmanavin, Alexey"]
[Black "Tiviakov, Sergei"]
[Result "1-0"]
[WhiteElo "2580"]
[BlackElo "2585"]
[Annotator "Dautov,R"]
[PlyCount "67"]
[EventDate "1992.12.??"]
[EventType "tourn"]
[EventRounds "11"]
[EventCountry "RUS"]
[EventCategory "11"]
[SourceTitle "CBM 033"]
[Source "ChessBase"]
[SourceDate "1993.04.01"]
[SourceVersion "1"]
[SourceVersionDate "1993.04.01"]
[SourceQuality "1"]

1. d4 Nf6 2. c4 e6 3. Nf3 b6 4. g3 Bb7 5. Bg2 Be7 6. Nc3 O-O 7. Qc2 d5 $6 (7...
c5 8. d5 exd5 9. Ng5) 8. cxd5 Nxd5 9. O-O (9. Nxd5 Bxd5 10. O-O Nc6 11. e4 Nb4
12. Qb1 Bb7 (12... Bc4 13. Rd1 Be2 14. Rd2 Bxf3 15. Bxf3 Bg5 16. Rd1 $14) 13.
a3 Nc6 14. Be3 Na5 15. Qc2 c5 16. dxc5 bxc5 17. Rad1 $16 {Drasko,M-Ilincic,Z
Belgrade GMA op 1988}) 9... Na6 {N} (9... Nd7 10. Nxd5 Bxd5 (10... exd5 11. Rd1
Nf6 12. Ne5 c5 13. dxc5 Bxc5 14. Nd3 $14 {Karpov,An-Spassky SSSR 1975}) 11. e4
Bb7 12. Rd1 Nf6 13. Ne5 Qe8 14. Be3 Rc8 15. d5 Bd6 16. Nc4 exd5 17. exd5 Qe7
18. a3 Rfe8 19. Rac1 $16 {Ribli,Z-Unzicker,W BL 8788 Erlangen-Bayern 1988}) (
9... c5 10. dxc5 Bxc5 11. Rd1 Qe7 12. Nxd5 Bxd5 13. Ng5 $16 {Geller.E}) 10. Rd1
Nab4 11. Qb3 Nxc3 12. bxc3 Nc6 13. c4 Qe8 14. Bd2 $1 $16 Rd8 15. d5 Nb8 16. e4
Nd7 (16... exd5 17. cxd5 Bf6 18. Bc3 Bxc3 19. Qxc3 Qxe4 20. Ne5 Qf5 21. Qxc7
$16 {Vyzmanavin,A}) 17. Bf4 exd5 (17... Nc5 $142 18. Qc2 Qd7 19. Bh3 Qc8 20.
Nd4 $16) 18. cxd5 Bd6 19. Qe3 $1 {/\e5} f6 $6 20. Bxd6 cxd6 21. Qa3 $1 Nc5 (
21... Qxe4 22. Ng5 $18) 22. Qxa7 f5 (22... Qxe4 23. Nd4 Qe5 24. Nc6 $18) 23. e5
(23. exf5 Rxf5 24. Nd4 Rxd5 25. Bxd5+ Bxd5 26. Nf5 $18) 23... dxe5 24. Qxb6 Rc8
25. Rac1 Rf6 26. Qb4 $18 e4 27. Rxc5 exf3 28. Bxf3 f4 29. g4 h5 30. gxh5 Rxc5
31. Qxc5 Ra6 32. Qc7 Ba8 33. Rb1 Kh7 34. Qxf4 1-0

[Event "Interpolis"]
[Site "Tilburg"]
[Date "1992.10.08"]
[Round "1.1"]
[White "Beliavsky, Alexander G"]
[Black "Hoeksema, Hendrik Pieter"]
[Result "1-0"]
[WhiteElo "2595"]
[BlackElo "2430"]
[Annotator "Dautov,R"]
[PlyCount "89"]
[EventDate "1992.10.08"]
[EventType "k.o."]
[EventRounds "7"]
[EventCountry "NED"]
[SourceTitle "CBM 032"]
[Source "ChessBase"]
[SourceDate "1993.02.01"]
[SourceVersion "1"]
[SourceVersionDate "1993.02.01"]
[SourceQuality "1"]

1. d4 Nf6 2. c4 e6 3. Nf3 b6 4. g3 Bb7 5. Bg2 Be7 6. Nc3 Ne4 7. Bd2 Bf6 8. Qc2
Nxd2 9. Qxd2 O-O 10. Rd1 d6 11. O-O Nd7 12. d5 (12. Rfe1 g6 13. h4 h5 $6 (13...
Bg7 $142 14. h5 Nf6 15. hxg6 hxg6 $13 {Anand}) 14. Ng5 Bxg2 15. Kxg2 Bg7 16.
Qd3 Qe7 17. Qf3 Nf6 18. b4 a6 19. a4 $14 {Speelman,J-Anand,V Novi Sad(ol) 1990
50/554}) 12... Bxc3 (12... e5 13. h4 $5 g6 14. h5 Bg7 15. hxg6 hxg6 16. e4 {
/\Bh3,Kg2,Rh1}) 13. Qxc3 e5 14. e4 a5 {N} (14... Qe7 15. Ne1 c6 16. dxc6 Bxc6 {
1/4:1/4 Damjanovic,M-Smyslov,A Hastings 1976 23/(583)}) 15. Ne1 Ba6 16. Nc2 b5
17. cxb5 Bxb5 18. Rfe1 Nc5 (18... a4 $5) 19. b3 Bd7 20. a3 $13 (20. f4 $5 Re8
21. f5 $36) 20... Qb8 (20... f5 $5 21. exf5 Bxf5 22. b4 axb4 23. axb4 Nd7 (
23... Ra2 $6 24. Ne3 Nd7 25. Ra1 Rxa1 26. Rxa1 $16) 24. Ne3 Bg6 25. Ra1 Rxa1
26. Rxa1 Nf6 27. Ra7 Ne8 28. Bh3 $14) (20... a4 $1 21. b4 Nb3 22. f4 f6 {
/\Rc8,c6}) 21. b4 axb4 22. axb4 Na4 23. Qd2 Nb6 (23... f5 24. exf5 Bxf5 25. Ne3
Bg6 (25... Nb6 $6 26. Nxf5 Rxf5 27. Bh3 Rf6 28. Be6+ Kh8 29. Ra1 $16) 26. Ra1
$14) 24. Ne3 $14 Ra4 25. Rb1 Qb7 26. Rec1 Rfa8 27. h4 Rb8 $6 (27... Nc8 28. Bf3
Ne7 $132) (27... Nc8 28. Nc4 Ne7 29. Na5 Qb6 30. Qc3 Ra7 {/\f5<=>}) 28. h5 h6
$6 {><f5} 29. Qd1 $1 Qc8 30. Bf3 Rba8 31. Bg4 Bxg4 32. Nxg4 R8a7 33. Ne3 $16 g6
34. Qf3 Kg7 35. Kg2 Ra3 36. Rc6 Qd7 37. Rh1 Nc8 38. b5 Ne7 39. hxg6 fxg6 (39...
Nxc6 40. Qh5 $18) 40. b6 $1 cxb6 41. Rxb6 Ng8 42. Rc1 $18 {עg7,d6} R3a6 43.
Rb8 Nf6 44. Rcc8 {/\Rg8} Qe7 (44... Qf7 45. Rf8) 45. Ng4 1-0

[Event "YUG-ch"]
[Site "Novi Sad"]
[Date "1995.??.??"]
[Round "?"]
[White "Damljanovic, Branko"]
[Black "Gligoric, Svetozar"]
[Result "1-0"]
[WhiteElo "2575"]
[BlackElo "2455"]
[Annotator "Dautov,R"]
[PlyCount "57"]
[EventDate "1995.02.??"]
[EventType "tourn"]
[EventRounds "17"]
[EventCountry "YUG"]
[EventCategory "10"]
[SourceTitle "CBM 048"]
[Source "ChessBase"]
[SourceDate "1995.10.01"]
[SourceVersion "1"]
[SourceVersionDate "1995.10.01"]
[SourceQuality "1"]

1. d4 {Belov} Nf6 2. c4 e6 3. Nf3 b6 4. g3 Bb7 5. Bg2 Be7 6. O-O O-O 7. Nc3 Ne4
8. Bd2 Bf6 9. Rc1 d5 10. cxd5 exd5 11. Bf4 (11. Be3 {Belov} Na6 12. Qa4 (12.
Qc2 c5 13. Rfd1 Qe7 14. Bh3 Rfd8 15. Qb1 Bc8 $10 {Yusupov,A-Van der Wiel,J/
Rotterdam/1989/}) 12... c5 13. Rfd1 Qe8 14. Qa3 Nxc3 (14... Nd6 $5 15. Nxd5
Bxd5 16. Qxa6 Nf5 $13) 15. Qxc3 $14 {Karpov,A-Van der Wiel,J/Amsterdam/1988/1:
0/39/}) 11... Na6 12. Nd2 $6 {N} (12. Be5 Re8 13. Bxf6 Qxf6 14. e3 c5 15. Ne5
Qe7 16. Re1 Nc7 17. Nd3 $6 (17. Qa4 $5) 17... Nxc3 18. bxc3 c4 19. Nf4 Qd6 20.
f3 Re7 21. e4 f6 22. Rc2 Rae8 23. Rce2 b5 $13 {Kortschnoj,V-Salov,V/Beograd
1987}) (12. Qa4 c5 13. Be5 Re8 14. Bxf6 Qxf6 15. e3 Nxc3 16. Rxc3 Qe7 $1 17.
Rfc1 c4 {Ftacnik,L-Hjartarson,J/Thessaloniki (ol) 1988 Ftacnik,L-Hjartarson,J/
Thessaloniki(ol)/1988/0,5/33/} 18. b3 $1 $14) (12. Qc2 {Belov} c5 13. Rfd1 Qe7
14. dxc5 Nxc3 15. bxc3 Nxc5 16. Nd4 g6 $10 {Velikov,P-Sturua,Z/Frunze/1985/})
12... Re8 $2 (12... Bxd4 $1 13. Ndxe4 dxe4 14. Nxe4 (14. Bxe4 Bxe4 15. Nxe4
Bxb2 16. Rc2 Qe7 $15) 14... Bxb2 15. Rc2 (15. Rb1 Qxd1 (15... Ba3 {Belov} 16.
Nf6+ Qxf6 17. Bxb7 $16) 16. Rfxd1 Rad8 $15) 15... Qxd1 (15... Re8 16. Nf6+ Qxf6
17. Bxb7 Rad8 18. Qb1 Nc5 19. Rxb2 Nxb7 20. Bxc7 $10) 16. Rxd1 Rad8 17. Rb1
Bxe4 (17... Rfe8 18. Bxc7 $10) 18. Bxe4 Bf6 19. Bxc7 Nxc7 20. Rxc7 Rd2 $10) (
12... Nxd2 {Belov} 13. Qxd2 c5 $6 (13... Re8 $14) 14. dxc5 Bxc3 15. Rxc3 bxc5
16. Rd1 $16) 13. Nb5 $1 Re7 (13... Nxd2 $2 14. Qxd2 Re7 15. Rc2 $16 {פa6}) (
13... c6 {Belov} 14. Nxe4 dxe4 15. Nd6 Re7 16. Nxb7 Rxb7 17. Bxe4 $16) 14. Nxe4
dxe4 15. Qa4 Rd7 16. Rfd1 c5 (16... c6 17. Nc3 Rxd4 (17... Bxd4 18. Bh3) 18.
Rxd4 Qxd4 19. Qxd4 Bxd4 20. Nxe4 $1 (20. Bxe4 Nc5 21. Bf3 Ne6 $10) 20... Bxb2
21. Rd1 $36 {/\} Nb4 $2 22. Rb1 Ba3 23. Rb3 Nc2 24. Rc3 $18) 17. dxc5 Nxc5 18.
Qc2 $14 {/\Nd6,><e4} Be7 $2 (18... Bc6 19. Rxd7 (19. Nd6 $2 g5 $1 20. Nxe4 Bxe4
21. Bxe4 Nxe4 (21... gxf4 $2 22. Rxd7 Nxd7 23. Bxa8 Qxa8 24. Qf5 $18) 22. Rxd7
Qxd7 23. Qxe4 Re8 24. Qc6 Qxc6 25. Rxc6 $10) 19... Qxd7 20. Rd1 (20. Nc7 Rc8
21. b4 Ba4 22. Qc4 Ne6 23. Bh3 e3 $13) 20... Qf5 21. Nd4 Bxd4 22. Rxd4 $14) (
18... a6 {Belov} 19. Nd6 $16) 19. Nc7 Rc8 (19... Rb8 20. b4 $18) 20. Bh3 $1
Rcxc7 (20... Ne6 {Belov} 21. Nxe6 Rxc2 (21... Rxd1+ 22. Qxd1 Rxc1 23. Qxc1 fxe6
24. Bxe6+) 22. Nxd8 Rxc1 23. Rxc1 Rxd8 24. Rc7 $18) 21. Bxc7 Rxd1+ (21... Qxc7
{Belov} 22. Rxd7 $18) 22. Rxd1 Qxc7 23. b4 e3 (23... Na6 24. Qxc7 Nxc7 25. Rd7
$18) 24. f3 $18 g6 $2 (24... Bc6 {>=} 25. bxc5 Bxc5 26. Qd3 Qe5 27. Qd8+ Bf8
28. Qc8 Bb5 29. Rd8 Qe7 30. Bf5 g6 31. Bd3 $18) 25. bxc5 Bxc5 26. Rd7 Qc6 27.
Qb3 Qxf3 28. exf3 e2+ 29. Kg2 (29. Kg2 {Belov} e1=Q 30. Qxf7+ Kh8 31. Qxh7#)
1-0

[Event "EU-Cup 10th Group4"]
[Site "Balatonbereny"]
[Date "1994.??.??"]
[Round "3"]
[White "Lalic, Bogdan"]
[Black "Almasi, Zoltan"]
[Result "1-0"]
[WhiteElo "2530"]
[BlackElo "2620"]
[Annotator "Dautov,R"]
[PlyCount "117"]
[EventDate "1994.??.??"]
[EventType "team-k.o."]
[EventRounds "3"]
[EventCountry "HUN"]
[SourceTitle "EXT 2020"]
[Source "ChessBase"]
[SourceDate "2019.10.17"]
[SourceVersion "1"]
[SourceVersionDate "2019.10.17"]
[SourceQuality "1"]
[WhiteTeam "Dakovo SK Slavonska Banka"]
[BlackTeam "Budapest Honved"]
[WhiteTeamCountry "CRO"]
[BlackTeamCountry "HUN"]

1. Nf3 {Hecht} Nf6 2. c4 e6 3. g3 b6 4. Bg2 Bb7 5. O-O Be7 6. Nc3 O-O 7. d4 Ne4
8. Bd2 f5 9. Qc2 (9. d5 Bf6 10. Rc1 Na6 {=} 11. Be1 Nac5 12. Nd4 Qe7 {=}) 9...
Nxc3 (9... Bf6 $142 10. Rad1 Nxc3 11. Bxc3 Be4 12. Qd2 d6 13. Ne1 Bxg2 14. Nxg2
{+/=/=}) 10. Bxc3 Be4 11. Qd2 Bf6 12. Ne1 Bxg2 13. Nxg2 a5 (13... Nc6 14. d5
Ne5 15. b3 Ng4 16. f3 Bxc3 17. Qxc3 Qf6 18. Rac1 Qxc3 19. Rxc3 Nf6 20. dxe6
dxe6 21. Nf4 Kf7 22. Rd1 a5 23. Re3 Rfe8 {= Groszpeter-Almasi/Kecskemet/1993})
14. Qd3 Nc6 15. e4 fxe4 16. Qxe4 Qe7 (16... Qe8 $5 17. Ne3 Rd8 18. Rfe1 Qg6 19.
Qxg6 hxg6 20. Rad1 d5 21. cxd5 exd5 22. Ng4 Rfe8 {=}) 17. Ne3 Rad8 18. Rfe1 {+=
} d5 (18... Qf7 {/\d5} 19. Ng4 {+=}) 19. cxd5 exd5 20. Nxd5 Qf7 21. Nxf6+ Qxf6
22. f4 Nxd4 23. Rad1 c5 24. Bxd4 cxd4 (24... Rxd4 $2 25. Rxd4 Qxd4+ (25... cxd4
26. Qd5+ Kh8 27. Re6 Qf7 28. Rd6 {+/-}) 26. Qxd4 cxd4 27. Re6 Rf6 (27... Rd8
28. Kf1 {+/-}) 28. Rxf6 gxf6 29. Kf2 Kf7 30. Ke2 Ke6 31. Kd3 Kd5 32. g4 {+-})
25. Qe6+ Rf7 (25... Kh8 $2 26. Qxf6 gxf6 (26... Rxf6 27. Rxd4 $1) 27. Re4 d3
28. Re3 d2 29. Re2 {+/-}) (25... Qf7 26. Rd2 Kh8 27. Qxf7 Rxf7 28. Re6 {+/-}) (
25... Qxe6 26. Rxe6 Rf6 27. Rxf6 gxf6 28. Kf2 Kf7 29. Rc1 (29. Ke2 Ke6 30. Kd3
Kf5 $132) 29... h5 30. Ke2 Rd6 31. Kd3 {+=}) 26. Rd2 d3 $6 (26... b5 27. Qb3
Qc6 (27... b4 28. Qc4) 28. Rc2 {+=}) (26... Kf8 27. Re4 Qxe6 (27... d3 $2 28.
Rxd3) 28. Rxe6 Rf6 {+=}) 27. Qc4 b5 28. Qxb5 Re7 (28... Qd4+ 29. Kg2 {+/-}) 29.
Re5 $1 Rxe5 30. fxe5 Qf3 31. Qc4+ Kh8 32. Qf4 Qd5 33. Qe3 $1 Qxa2 34. e6 Re8
35. e7 h6 (35... Qb1+ 36. Kg2 h6 37. Rf2 {+-}) (35... Qb3 36. Rxd3 Qxb2 37. Rd8
Qb1+ 38. Kg2 Qc2+ 39. Kh3 Qf5+ 40. g4 Qf7 41. Rxe8+ Qxe8 42. Qf3 Kg8 43. Qd5+
Kh8 44. Qd8 {+-}) 36. Qxd3 {+-} Qe6 (36... Qf7 {Hecht} 37. Re2 Rxe7 38. Qd8+ {
+-}) 37. Re2 Qb6+ 38. Kg2 Qb7+ 39. Kh3 Qc8+ 40. g4 Qb7 (40... h5 41. Qf5 hxg4+
42. Kxg4 Qxf5+ 43. Kxf5 {+-}) 41. Qf5 Qb3+ 42. Kg2 Qb7+ 43. Kg1 Qb6+ 44. Kg2
Qb7+ 45. Kg3 Qb3+ 46. Qf3 Qb8+ (46... Qxf3+ 47. Kxf3 Kg8 48. Re5 Kf7 49. Ke4
Rxe7 (49... a4 {Hecht} 50. Kd5 {+-}) 50. Rxe7+ Kxe7 51. Kd5 Kf6 52. Kc5 Kg5 53.
Kb5 Kxg4 54. Kxa5 Kh3 55. b4 {+-}) 47. Kg2 Qb4 48. g5 $1 Qd6 49. gxh6 Qg6+ 50.
Kf1 gxh6 51. Qf8+ Kh7 52. Re4 h5 $2 (52... Qc6 53. Qf7+ Kh8 54. Rg4 Qc1+ 55.
Kg2 Qxb2+ 56. Kh3 Qa3+ 57. Rg3 Qxe7 58. Rg8+ {+-}) (52... Qa6+ $142 53. Kf2
Qb6+ 54. Kf3 Qg6) (52... Qxe4 {Hecht} 53. Qf7+ Kh8 54. Qxe8+ {+-}) 53. Re2 Qb1+
54. Kf2 Qg6 55. Qf3 {><h5} Kh8 56. Re5 h4 57. Re4 Qh6 58. Qc3+ Kh7 59. Qd4 1-0

[Event "St Petersburg"]
[Site "St Petersburg"]
[Date "1992.??.??"]
[Round "?"]
[White "Magerramov, Elmar S"]
[Black "Naumkin, Igor"]
[Result "1-0"]
[WhiteElo "2565"]
[BlackElo "2460"]
[Annotator "Dautov,R"]
[PlyCount "80"]
[EventDate "1992.??.??"]
[EventType "tourn"]
[EventRounds "11"]
[EventCountry "RUS"]
[EventCategory "10"]
[SourceTitle "CBM 030"]
[Source "ChessBase"]
[SourceDate "1992.10.01"]
[SourceVersion "1"]
[SourceVersionDate "1992.10.01"]
[SourceQuality "1"]

1. d4 e6 2. c4 Nf6 3. Nf3 b6 4. g3 Bb7 5. Bg2 Be7 6. Nc3 Ne4 7. Bd2 Bf6 8. O-O
O-O 9. Rc1 d6 10. d5 Bxc3 (10... Nxd2 $142) 11. Bxc3 Nxc3 12. Rxc3 e5 13. Nd2 (
13. e4 a5 (13... Nd7 14. Nd2 Qe7 15. f4 a5 16. f5 f6 17. h4 Nc5 18. g4 c6 19.
Rg3 $40 {Krogius,N-Unziker,W Moscow Veterans 1991}) 14. Ne1 Nd7 15. f4 Re8 16.
f5 Ba6 17. Rf2 Qe7 18. h4 Rec8 19. Nc2 h6 20. Ne3 $14 {Xu Jun-Ionesky
Thessaloniki(ol) 1988 46/735}) 13... Nd7 14. f4 exf4 (14... a5 15. f5 Nf6 16.
Ne4 Bc8 17. Qd2 Bd7 18. b3 h6 19. h4 Kh7 20. Nxf6+ Qxf6 21. Be4 $16 {Tukmakov,
V-Petrosjan,T Las Palmas(izt) 1982 34/654}) 15. gxf4 a5 (15... f5 16. e4 fxe4 (
16... g6 17. exf5 gxf5 18. Rg3+ Kh8 19. Nf3 Nc5 20. Ng5 $16) 17. Nxe4 Nc5 (
17... h6 18. Bh3 $16) 18. Ng5 Qf6 (18... h6 19. Ne6 Nxe6 20. dxe6 Bxg2 21. Kxg2
Qe7 22. Qd5 $16) 19. Qc2 $16) 16. e4 Qf6 17. Nb3 Rae8 18. Nd4 Nc5 19. Re3 $16
Bc8 (19... Qh6 20. Qe1 $16 (20. Nf5 Qf6)) 20. e5 Qh4 21. Qe1 Qh6 (21... Qxe1
22. Rfxe1 Bd7 $2 (22... Re7 $2 23. exd6 Rxe3 24. Rxe3 cxd6 25. Nb5 Nb7 26. Re7
$18 {/\Rc7}) (22... Ba6 $142 23. b3 $16) 23. e6 fxe6 24. dxe6 Bc8 25. e7 Rxf4
26. Nb5 $18 Ne6 27. Bd5) 22. Kh1 Re7 23. b3 Bd7 (23... Rfe8 24. Nc6 Rd7 25.
exd6 Rxe3 26. Qxe3 Qxd6 27. Qe8+ Qf8 28. Re1 $18) 24. e6 fxe6 25. dxe6 Be8 26.
f5 Qf6 27. Ne2 Qg5 28. Rg3 Qf6 29. Nc3 c6 30. a3 $1 $18 Qe5 (30... Kh8 31. b4
axb4 32. axb4 Na6 33. b5 $18) 31. Re3 Qd4 32. b4 axb4 33. axb4 Na6 34. Re4 Qf6
35. b5 Nc7 (35... Nc5 36. Re3 $18) 36. Rg4 cxb5 37. Ne4 Qe5 38. f6 Rxe6 39.
Rxg7+ Kh8 40. Qh4 Qh5 1-0